000
00219 a2200097 4500
001
16191
100
_a
Pirzada, S S
245
_a
Foundations of Pakistan (Vol-II)
260
_a
_b
National Pub.
_c
090
_c
12474
_d
12474
942
_a
NUST-CAE
_c
M
_c
2752
999
_c
251264
_d
251264